000 01786nam a2200241Ia 4500
003 Ost
005 20260416102401.0
008 260416s9999||||xx |||||||||||||| ||und||
040 _cfsecg
041 _aara
082 _a332.642
100 _aخطابت، أمينة
_eمؤلف
245 0 _aالأسواق المالية :
_bموجهة لطلبة السنة الثالثة:شعبة العلوم الاقتصادية:تخصص إقتصاد نقدي وبنكي /
_c أمينة خطابت
260 _aالجزائر
_bجامعة الجزائر3: كلية العلوم الإقتصادية، العلوم التجارية وعلوم التسيير
_c2023
300 _a139 ورقة
_bايضاحات
_c12 سم
504 _aالمراجع ص.133
520 _aماهية سوق الأوراق المالية،البورصة المتعاملون فيها والمتدخلون،تقسيمات سوق الأوراق المالية،شروط قيام سوق الأوراق المالية،كفاءة سوق الأوراق المالية،مؤشرات أداء سوق الأوراق المالية ،عقود المعاملات في الأسواق الأوراق المالية،التحليل الاقتصادي لأدوات سوق الاوراق المالية،أساليب تقييم الاستثمار في الأوراق المالية،مفهوم محفظة الأوراق المالية ،تسيير محفظة الأوراق المالية وفق نظرية المحفظة.
653 _aالاسواق المالية
653 _aالاوراق المالية
653 _aالبورصات
710 _aجامعة الجزائر3: كلية العلوم الإقتصادية، العلوم التجارية وعلوم التسيير
_eناشر علمي
942 _cHANDOUT
999 _c41410
_d41410